000 00785nam a2200241uu 4500
001 14646
003 HDC
007 cr a| aaaaaaua
008 210215p2006 |||| |||| 00| 0 eengd
040 _aHDC
245 0 _aWorld Halal Forum 2006: Report & Summary
260 _a[no place] :
_b[publisher not identified] ,
_c2006
300 _a1 online resource (18 pages )
336 _atext
_2rdacontent
337 _acomputer
_2rdamedia
338 _aonline resource
_2rdacarrier
650 _aHalal forum
_96724
650 _aHalal Logistics
_9143
856 _zRequest full-text at [email protected]
942 _2lcc
942 _cEIS
942 _kREPT 000296
999 _c11962
_d11962